Vzduchotechnická zařízení Základy proudění

Bibliographic Details
Main Author: Špinar, Bohumil (Author)
Format: Book
Language:Undetermined
PhysicalDescription:310 s.
Published: Praha Práce 1958

MARC

LEADER 00000nam a2200000 a 4500
001 vtls001272405
003 SK-MaSNL
005 20260301064533.0
008 240318s1958 xx 0 und
035 |a SNK000223544 
040 |a SNK  |b slo  |c SNK  |e AACR2 
100 1 |a Špinar, Bohumil  |4 aut  |9 381978 
245 1 0 |a Vzduchotechnická zařízení  |b Základy proudění 
260 |a Praha  |b Práce  |c 1958 
300 |a 310 s. 
999 |c 627293  |d 629223 
952 |t P60, <04>, [BOOK], {604}  |a SNK  |b SNK  |y VYP  |7 0  |p 17A0032425  |o snkIC 21871  |0 0  |1 0  |4 0  |d 1997-01-17  |l 0  |r 2005-01-01 00:00:00  |w 2026-02-23